Thermodynamics (Record no. 7801)

000 -LEADER
fixed length control field 00495nam a22002057a 4500
001 - CONTROL NUMBER
control field 7801
003 - CONTROL NUMBER IDENTIFIER
control field BD-DhUET
008 - FIXED-LENGTH DATA ELEMENTS--GENERAL INFORMATION
fixed length control field 141212b xxu||||| |||| 00| 0 eng d
040 ## - CATALOGING SOURCE
Transcribing agency 0
Modifying agency BD-DhUET
082 ## - DEWEY DECIMAL CLASSIFICATION NUMBER
Classification number 621.01
Item number OBE/1963
100 ## - MAIN ENTRY--PERSONAL NAME
Personal name Obert, Edward F.
245 ## - TITLE STATEMENT
Title Thermodynamics
250 ## - EDITION STATEMENT
Edition statement 2nd ed.
260 ## - PUBLICATION, DISTRIBUTION, ETC. (IMPRINT)
Place of publication, distribution, etc. New York
Name of publisher, distributor, etc. McGraw-Hill Book
Date of publication, distribution, etc. 1963
300 ## - PHYSICAL DESCRIPTION
Extent xxi,596p.
504 ## - BIBLIOGRAPHY, ETC. NOTE
Bibliography, etc Includes bibliographies
650 #0 - SUBJECT ADDED ENTRY--TOPICAL TERM
Topical term or geographic name as entry element Thermodynamics
700 ## - ADDED ENTRY--PERSONAL NAME
Personal name Gaggioli, Richard A.
942 ## - ADDED ENTRY ELEMENTS (KOHA)
Koha item type General Book
Holdings
Koha full call number Not for loan Date acquired Source of classification or shelving scheme Withdrawn status Lost status Price effective from Koha item type Koha normalized classification for sorting Copy number Shelving location Location (home branch) Koha date last seen Piece designation (barcode) Damaged status Sublocation or collection (holding branch)
621.01/OBE/1963 2014-12-12   2014-12-12General Book621_010000000000000_OBE_19631Circulation sectionCentral Library, BUET2014-12-126402 Central Library, BUET
621.01/OBE/1963 2014-12-12   2014-12-12General Book621_010000000000000_OBE_19632Circulation sectionCentral Library, BUET2014-12-126403 Central Library, BUET
621.01/OBE/1963 2014-12-12   2014-12-12General Book621_010000000000000_OBE_19633Circulation sectionCentral Library, BUET2014-12-1215731 Central Library, BUET
621.01/OBE/1963 2014-12-12   2014-12-12General Book621_010000000000000_OBE_19634Circulation sectionCentral Library, BUET2014-12-1218703 Central Library, BUET
621.01/OBE/1963 2014-12-12   2014-12-12General Book621_010000000000000_OBE_19635Circulation sectionCentral Library, BUET2014-12-1218706 Central Library, BUET
621.01/OBE/1963 2014-12-12   2014-12-12General Book621_010000000000000_OBE_19636Circulation sectionCentral Library, BUET2014-12-1218708 Central Library, BUET
621.01/OBE/1963 2014-12-12   2014-12-12General Book621_010000000000000_OBE_19637Circulation sectionCentral Library, BUET2014-12-1218705 Central Library, BUET
621.01/OBE/1963 2014-12-12   2014-12-12General Book621_010000000000000_OBE_19638Circulation sectionCentral Library, BUET2014-12-1218702 Central Library, BUET
621.01/OBE/1963 2015-04-12   2015-04-12General Book621_010000000000000_OBE_19639Circulation sectionCentral Library, BUET2015-04-1218707 Central Library, BUET